00932nam a2200265 u 450000100100000000500170001000800410002702000180006804100140008610000300010024500670013025000120019726000360020930000110024549000200025650000460027650000720032250000890039450000610048365000210054465000230056565000260058865000290061470000230064300004989020200120222646.0120713s2010 sp er 000 j spa d a97884990814031 a-spaheng1 aLessing, Doris Mayd1919-10aCuentos europeos /cDoris Leesing ; traducción Paula Kuffer. a1a. ed. aBarcelona :bDebolsillo,c2010. a925 p. 0aContemporánea aPremios: Premio Nobel de Literatura, 2007 aTítulo original : To room nineteen/ the temptation of Jack Orkney aEj.1 de la Biblioteca Marichuela es 1a. ed del año 2012, con ISBN : 9789588639253. aEj.1 de la Biblioteca Restrepo con ISBN : 9789588639253.14aCuentos ingleses24aLiteratura inglesa24aAmor en la literatura24aSoledad en la literatura1 aKuffer, Paulaetr.